Entry Nombre personal
001 - NÚMERO DE CONTROL
- campo de control: 240908
003 - IDENTIFICADOR DE NÚMERO DE CONTROL
- campo de control: SpMaBN
005 - FECHA Y HORA DE LA ÚLTIMA TRANSACCIÓN
- campo de control: 20250618124645.0
008 - ELEMENTOS DE DATO DE LONGITUD-FIJA
- campo de control de longitud fija: 901120n| aijnnaabn a aaa
016 ## - NÚMERO DE CONTROL DE UNA AGENCIA BIBLIOGRÁFICA NACIONAL
- Número de control del registro: BNE19900022486
024 7# - IDENTIFICADOR DE OTROS ESTÁNDARES
- Número estándar o código: http://viaf.org/viaf/114982630/
- Fuente: viaf
024 7# - IDENTIFICADOR DE OTROS ESTÁNDARES
- Número estándar o código: https://isni.org/isni/0000000109379983
- Fuente: isni
040 ## - FUENTE DE CATALOGACIÓN
- Centro catalogador/agencia de origen: SpMaBN
- Lengua de catalogación: spa
- Centro/agencia transcriptor: SpMaBN
- Normas de descripción: rdc
- Convención/Normas de encabezamiento de materia/tesauro: embne
046 ## - FECHAS CON CODIFICACIÓN ESPECIAL
- Fecha de nacimiento: 1950
100 1# - ENCABEZAMIENTO-NOMBRE DE PERSONA
- Nombre de persona: Cuenca, Luis Alberto de,
- Fechas asociadas al nombre: 1950-
370 ## - LUGAR ASOCIADO
- Lugar de nacimiento: Madrid, España
- Fuente de información: (Wikidata)
- Número de control del registro de autoridad o número normalizado: XX450543
372 ## - CAMPO DE ACTIVIDAD
- Campo de actividad: Literatura Española
- Fuente de información: (Dialnet)
375 ## - GÉNERO/SEXO
- Género: Masculino
377 ## - IDIOMA ASOCIADO
- Código del idioma: spa
- Término de lengua/lenguaje: Español
400 1# - TRAZADO DE VÉASE--NOMBRE DE PERSONA
- Nombre de persona: Cuenca y Prado, Luis Alberto de
- Fechas asociadas al nombre: 1950-
400 1# - TRAZADO DE VÉASE--NOMBRE DE PERSONA
- Nombre de persona: J. R. B.
- Fechas asociadas al nombre: 1950-
670 ## - FUENTE DE DATOS ENCONTRADOS
- Cita de la fuente: 77 poemas, 1992
- Información encontrada: port. (Luis Alberto de Cuenca) p. 4 de la cub. (Luis Alberto de Cuenca, n. Madrid, 29-12-1950; prof. de investig., C.S.I.C.; poeta; filólogo y articulista; traductor)
670 ## - FUENTE DE DATOS ENCONTRADOS
- Cita de la fuente: Himnos, epigramas y fragmentos, de Calímaco, 1980
- Información encontrada: port. (introducciones, traducción [del griego] y notas de Luis Alberto de Cuenca y Prado ...)
670 ## - FUENTE DE DATOS ENCONTRADOS
- Cita de la fuente: La muerta enamorada, 2011
- Información encontrada: port. (traducción de J.R.B. ; revisión de la traducción, edición y prólogo de Luis Alberto de Cuenca)
670 ## - FUENTE DE DATOS ENCONTRADOS
- Cita de la fuente: Dic. de escritores, 1996
- Información encontrada: (Cuenca y Prado, Luis Alberto de; n. Madrid, 29-12-1950; escribe poesía y ensayo)
670 ## - FUENTE DE DATOS ENCONTRADOS
- Cita de la fuente: Llamada telefónica a Rey Lear Ediciones, 10-6-2011
- Información encontrada: (bajo el seudónimo de J.R.B. Luis Alberto de Cuenca firma la traducción de la obra La muerte enamorada)
